阪急アルミ車サドンデス - Statistics

General Stats
  • This quiz has been taken 33 times
  • The average score is 7 of 28
Answers on the Grid
Answers color-coded by a green-red scale on the quiz's grid according to % correct below.
1111
1068
1805
1410
2150
2500
2360
2803
6580
6550
7551
7612
7154
7851
7882
7320
7777
7910
8003
8602
8201
8904
8331
9568
9001
9902
9309
9894
3953
3323
5554
5061
5117
5678
5315
5873
6565
6686
6801
6452
7573
7770
7150
7090
7801
7870
7107
7506
 
Answer Stats
Answer % Correct
7777
52%
1111
43%
8602
43%
9309
43%
2500
38%
8201
38%
1068
33%
1410
33%
1805
33%
8904
33%
9001
33%
9568
33%
8003
29%
9894
29%
2150
24%
2360
24%
2803
24%
8331
24%
9902
24%
7320
19%
7882
14%
7910
14%
6550
10%
6580
5%
7154
5%
7612
5%
7851
5%
7551
0%
No matching quizzes found
Score Distribution
Percent of People with Each Score
Percentile by Number Answered
Your Score History
You have not taken this quiz